000 00317nam a2200121Ia 4500
008 190216s9999||||xx |||||||||||||| ||und||
100 _a"Motewar Sn, Domkundwar S"
245 0 _aCourse Computer Programming With Numerical Techniques
260 _bDhanpat Rai
_c1994
300 _a962p
650 _aPhysics
942 _cBK
999 _c8454
_d8454